LIBRARY & INFORMATION CENTRE, KCAET, TAVANUR

ONLINE PUBLIC ACCESS CATALOGUE (OPAC)

Advance in Soil organic matter research; The impact on Agriculture of the environment / (Record no. 2999)

MARC details
000 -LEADER
fixed length control field 00455cam a2200157ua 4500
003 - CONTROL NUMBER IDENTIFIER
control field OSt
008 - FIXED-LENGTH DATA ELEMENTS--GENERAL INFORMATION
fixed length control field 240220b |||||||| |||| 00| 0 eng d
041 ## - LANGUAGE CODE
Language code of text/sound track or separate title eng
082 ## - DEWEY DECIMAL CLASSIFICATION NUMBER
Classification number 631.407072
Item number WIL/AD
100 ## - MAIN ENTRY--AUTHOR NAME
Personal name Wilson, M S .
245 00 - TITLE STATEMENT
Title Advance in Soil organic matter research; The impact on Agriculture of the environment /
250 ## - EDITION STATEMENT
Edition statement 1 /
260 ## - PUBLICATION, DISTRIBUTION, ETC. (IMPRINT)
Place of publication Cambridge :
Name of publisher The Royal Society of Chemistry ,
Year of publication 1991.
300 ## - PHYSICAL DESCRIPTION
Number of Pages 400 ; .
942 ## - ADDED ENTRY ELEMENTS (KOHA)
Koha item type Books
Holdings
Withdrawn status Lost status Damaged status Home library Current library Date acquired Full call number Accession Number Koha item type
      KAUAET KAUAET 07/04/2012 631.407072 WIL/AD 20520 Books
free website counter